Aromatherapy oil (Record no. 6074)
[ view plain ]
| 000 -LEADER | |
|---|---|
| fixed length control field | 00905 a2200229 4500 |
| 003 - CONTROL NUMBER IDENTIFIER | |
| control field | dpl |
| 005 - DATE AND TIME OF LATEST TRANSACTION | |
| control field | 2008082504114.0 |
| 008 - FIXED-LENGTH DATA ELEMENTS--GENERAL INFORMATION | |
| fixed length control field | 080825t xxu||||| |||| 00| 0 eng d |
| 010 ## - LIBRARY OF CONGRESS CONTROL NUMBER | |
| LC control number | ENG-87130 |
| 020 ## - INTERNATIONAL STANDARD BOOK NUMBER | |
| Terms of availability | 360.00 |
| 035 ## - SYSTEM CONTROL NUMBER | |
| System control number | EN--70663 |
| 037 ## - SOURCE OF ACQUISITION | |
| Source of stock number/acquisition | DBAD / PUB |
| 040 ## - CATALOGING SOURCE | |
| Original cataloging agency | DPL |
| Transcribing agency | DPL |
| 082 ## - DEWEY DECIMAL CLASSIFICATION NUMBER | |
| Classification number | 615.836 |
| 100 ## - MAIN ENTRY--PERSONAL NAME | |
| Personal name | Jain, Urjita |
| 245 ## - TITLE STATEMENT | |
| Title | Aromatherapy oil |
| Statement of responsibility, etc | by Urjita Jain |
| Remainder of title | for health and beauty |
| 260 ## - PUBLICATION, DISTRIBUTION, ETC. (IMPRINT) | |
| Place of publication, distribution, etc | Mumbai |
| Name of publisher, distributor, etc | Samed Agro Services |
| Date of publication, distribution, etc | 2006 |
| 300 ## - PHYSICAL DESCRIPTION | |
| Extent | 172 p. |
| Dimensions | 23 cm (Hb.) |
| 942 ## - ADDED ENTRY ELEMENTS (KOHA) | |
| Institution code [OBSOLETE] | dpl |
| Koha item type | English Books |
| Call number prefix | 615.836 / JAI |
| Source of classification or shelving scheme | Dewey Decimal Classification |
| Classification part | 615.836 |
| Call number suffix | JAI |
| Withdrawn status | Lost status | Damaged status | Not for loan | Home library | Current library | Date acquired | Cost, normal purchase price | Total Checkouts | Full call number | Barcode | Date last seen | Copy number | Uniform Resource Identifier | Cost, replacement price | Price effective from | Koha item type | Source of classification or shelving scheme | Collection code | Total Renewals | Date checked out |
|---|---|---|---|---|---|---|---|---|---|---|---|---|---|---|---|---|---|---|---|---|
| D.B.Act.Division | D.B.Act.Division | 25/08/2008 | 360.00 | 615.836 JAI | EN-70663 | 15/09/2008 | 1 | 6510 | 360.00 | 15/09/2008 | English Books | |||||||||
| Vinoba Puri | Vinoba Puri | 02/03/2009 | 360.00 | 14 | 615.836 JAI | B-317489 | 03/02/2020 | 1 | 360.00 | 02/03/2009 | English Books | Dewey Decimal Classification | Non-fiction | 1 | 18/01/2020 |
